Slovenská diplomacia a jej dimenzie v 21. storočí

Analýza charakteru diplomacie SR na začiatku 21. storočia, ktorý je determinovaný vplyvom globalizačných a integračných procesov, ako aj pozíciou SR ako malého štátu v medzinárodných vzťahoch. Europeizácia a európska dimenzia diplomacie. Ekonomizácia a ekonomická dimenzia diplomacie. Kultúrna dimenz...

Full description

Saved in:
Bibliographic Details
Main Author: Pajtinka, Erik
Format: Book Chapter
Language:Slovak
Subjects:
Tags: Add Tag
No Tags, Be the first to tag this record!

MARC

LEADER 00000naa$a2200000$$$4500
001 0070430
005 20221207084248.5
041 0 |a slo 
044 |a SK 
245 1 0 |a Slovenská diplomacia a jej dimenzie v 21. storočí  |c Erik Pajtinka 
520 |a Analýza charakteru diplomacie SR na začiatku 21. storočia, ktorý je determinovaný vplyvom globalizačných a integračných procesov, ako aj pozíciou SR ako malého štátu v medzinárodných vzťahoch. Europeizácia a európska dimenzia diplomacie. Ekonomizácia a ekonomická dimenzia diplomacie. Kultúrna dimenzia diplomacie. 
610 2 0 |a diplomacia 
610 2 0 |a diplomacia hospodárska 
610 2 0 |a globalizácia 
610 2 0 |a integrácia 
610 2 0 |a vzťahy medzinárodné 
610 2 0 |a Slovensko 
100 1 |a Pajtinka, Erik